Statuta

Uloženo v:
Podrobná bibliografie
Korporativní autor: Catholicarum Universitatum Internationalis Foederatio (Autor)
Médium: Kniha
Jazyk:angličtina
francouzština
latina
Vydáno: París FIUC 1965
Témata:
Tagy: Přidat tag
Žádné tagy, Buďte první, kdo vytvoří štítek k tomuto záznamu!

MARC

LEADER 00000nam a2200000 a 4500
001 UCU1453
003 CL-VaPUC
008 960404e19650000FR |||||||||||||||||eng|d
041 0 7 |a eng  |2 CL-VaPUC 
041 0 7 |a fre  |2 CL-VaPUC 
041 0 7 |a lat  |2 CL-VaPUC 
082 0 4 |a 207.11  |b FED  |2 21 
110 2 |a Catholicarum Universitatum Internationalis Foederatio  |e author  |9 357112 
245 1 0 |a Statuta 
300 |a 12 p 
942 |c BK 
945 |d 19960404 00:00:00  |a paguirre 
260 |a París  |b FIUC  |c 1965 
650 0 |a Universidades  |9 256317 
650 0 |a Educación superior   |9 223851 
650 0 |a Catolicismo  |9 258690 
650 7 |a IGLESIA Y EDUCACION  |2 CL-VaPUC  |9 307850 
583 |a last modification  |c 19960404 00:00:00  |k Rodrigo Vera 
999 |c 246069  |d 246067